| 000 | 00952nam a22003137a 4500 | ||
|---|---|---|---|
| 003 | CHAP | ||
| 005 | 20220329140215.0 | ||
| 008 | 971013s1948 r 00010 d | ||
| 010 | _a48550 | ||
| 011 | _a49522 | ||
| 035 | _a53671 | ||
| 040 | _cCHAP | ||
| 082 |
_a575.1 _bR5 |
||
| 100 | 0 | 0 |
_aRiley, Herbert Parkes. _997427 |
| 245 | _aIntroduction to genetics and cytogenetics | ||
| 260 |
_aNew York : _bWiley, _c1948 |
||
| 300 |
_a596 p. _b: ilus. |
||
| 590 |
_aBATCH-UPD _b10 _c20130109 _lUCH01 _h2355 |
||
| 590 |
_aBATCH-UPD _b10 _c20130110 _lUCH01 _h1817 |
||
| 590 |
_aBATCH-UPD _b10 _c20130409 _lUCH01 _h1928 |
||
| 590 |
_aBATCH-UPD _b10 _c20130410 _lUCH01 _h1151 |
||
| 590 |
_aBATCH-UPD _b10 _c20130914 _lUCH01 _h0942 |
||
| 590 |
_aCONVERSION _b10 _c20130109 _lUCH01 _h1326 |
||
| 650 | 1 | 4 |
_aCitogenética. _923485 |
| 650 | 1 | 4 |
_aGenética. _947469 |
| 901 | _aBK | ||
| 942 | _cLIBRO | ||
| 949 |
_a575.1 R5 _bBC _cLIBRO _d33724000429387 _eLIBRO _h73534 _i53671 _si |
||
| 999 |
_c48550 _d48550 |
||